IKAT Textiles of India (Record no. 10885)
[ view plain ]
| 000 -LEADER | |
|---|---|
| fixed length control field | 00315nam a2200121Ia 4500 |
| 008 - FIXED-LENGTH DATA ELEMENTS--GENERAL INFORMATION | |
| fixed length control field | 191201s2007 xx 000 0 und d |
| 100 ## - MAIN ENTRY--PERSONAL NAME | |
| Personal name | GHOSH, G.K. |
| 245 #0 - TITLE STATEMENT | |
| Title | IKAT Textiles of India |
| 260 ## - PUBLICATION, DISTRIBUTION, ETC. (IMPRINT) | |
| Place of publication, distribution, etc | New Delhi |
| Name of publisher, distributor, etc | APH Pub |
| Date of publication, distribution, etc | 2014 |
| 300 ## - PHYSICAL DESCRIPTION | |
| Extent | 145 |
| 650 ## - SUBJECT ADDED ENTRY--TOPICAL TERM | |
| Topical term or geographic name as entry element | Bachelor of Fashion and Apparel Design |
| 942 ## - ADDED ENTRY ELEMENTS (KOHA) | |
| Source of classification or shelving scheme | Dewey Decimal Classification |
| Koha item type | Text Books |
| Withdrawn status | Lost status | Source of classification or shelving scheme | Damaged status | Not for loan | Collection code | Home library | Current library | Date acquired | Source of acquisition | Currency | Cost, normal purchase price | Bill Number | Total Checkouts | Acc. no. / Barcode | Date last seen | Date last borrowed | Actual Cost, discounted price | Bill Date | Koha item type |
|---|---|---|---|---|---|---|---|---|---|---|---|---|---|---|---|---|---|---|---|
| Dewey Decimal Classification | Bachelor of Fashion and Apparel Design | PIET NCR College Library | PIET NCR College Library | 01/09/2021 | Kirti Prakashan | IN Rupees | 700.00 | IN2431 | 1 | N2018 | 20/05/2023 | 09/03/2023 | 455.00 | 01/09/2021 | Text Books | ||||
| Dewey Decimal Classification | Bachelor of Fashion and Apparel Design | PIET NCR College Library | PIET NCR College Library | 01/09/2021 | Kirti Prakashan | IN Rupees | 700.00 | IN2431 | N2019 | 03/09/2021 | 455.00 | 01/09/2021 | Reference Books | ||||||
| Dewey Decimal Classification | Bachelor of Fashion and Apparel Design | PIET NCR College Library | PIET NCR College Library | 01/09/2021 | Kirti Prakashan | IN Rupees | 700.00 | IN2431 | N2020 | 03/09/2021 | 455.00 | 01/09/2021 | Text Books |